| 000 | 00362cam a22001335a 4500 | ||
|---|---|---|---|
| 001 | L152732 | ||
| 008 | 110418s xxk f 000 0 eng d | ||
| 035 | _a(Sirsi) u152732 | ||
| 041 | 0 | _aeng | |
| 110 | 2 |
_aNational Association of Estate Agents _9886 |
|
| 245 | 0 | 0 | _aLone Working - Guidance for the Estate Agency Profession |
| 651 | 4 | _aENGLAND AND WALES | |
| 942 | _n0 | ||
| 999 |
_c112191 _d112191 |
||